Mélanges d'histoire du moyen age

সংরক্ষণ করুন:
গ্রন্থ-পঞ্জীর বিবরন
প্রধান লেখক: Halphen, Louis (Author)
বিন্যাস: গ্রন্থ
ভাষা:ফরাসি
প্রকাশিত: París Presses Universitaires de France 1951
বিষয়গুলি:
ট্যাগগুলো: ট্যাগ যুক্ত করুন
কোনো ট্যাগ নেই, প্রথমজন হিসাবে ট্যাগ করুন!

MARC

LEADER 00000nam a2200000 a 4500
001 UCP9919
003 CL-VaPUC
008 000407e19510000FR |||||||||||||||||fre|d
082 0 4 |a 940.1  |b HAL  |2 21 
100 |a Halphen, Louis  |e author  |9 440867 
245 1 0 |a Mélanges d'histoire du moyen age 
300 |a 713 p 
942 |c BK 
945 |d 20000407 00:00:00  |a rherrera 
260 |a París  |b Presses Universitaires de France  |c 1951 
600 0 |a Carlomagno  |9 343111 
600 0 7 |a BONIFACIO VIII  |2 CL-VaPUC  |9 433026 
650 0 |a Historia de Europa  |9 392003 
650 0 |a Edad media  |9 258041 
650 0 |a Imperio Bizantino  |9 315386 
650 0 |a Imperio carolingio   |9 392797 
650 0 |a Vida religiosa  |9 257284 
650 7 |a IGLESIA MEDIEVAL  |2 CL-VaPUC  |9 427220 
650 7 |a FEUDALISMO EUROPEO  |2 CL-VaPUC  |9 365294 
651 0 |a Europa  |9 255156 
583 |a last modification  |c 20000407 00:00:00  |k Rodrigo Vera 
999 |c 286699  |d 286697 
952 |0 0  |1 0  |4 0  |6 940_100000000000000_HAL_1951  |7 0  |8 A  |9 332777  |a BIBHIS  |b BIBHIS  |d 2019-11-20  |i 1262920  |o 940.1 HAL 1951  |p 1262920  |r 2025-01-20  |w 2019-11-20  |y BK  |k HIS